01513nam a22001457a 4500008004100000020001500041050002000056100005400076245015800130260005000288300001800338500005200356505093500408650002401343130925t1999 mx ||||| |||| 00| 0 spa d a9688566675 aHM251bG56 1999 aGómez del Campo Estrada, José Fernandoeautor aPsicología de la comunidadb: Perspectivas teóricas, modelos y aplicaciones un punto de vista humanistac/ José Fernando, Gómez del Campo Estrada aMéxicob: Plaza y Valdés editoresc, 2011 a316 páginas aIncluye: Indice, Introducción, Bibliografía a1. Antecedentes, historia y fundamentos teóricos de la psicología comunitaria Orígenes y desarrollo histórico de la psicología de la comunidad Visión humanista de la intervención comunitaria. El enfoque centrado en la persona Algunas consideraciones básicas acerca de la intervención comunitaria 2. Cuatro modelos para la intervención comunitaria Comunidad y salud mental Comportamiento y entorno Uso y abuso del poder: un modelo de acción social para la intervención comunitaria Desarrollo humano y procesos grupales: un modelo organizacional para la intervención comunitaria Material de apoyo para el entrenamiento Intervención en las crisis: manual para el entrenamiento Manual para el diseño de programas de intervención Guía para impartir un curso introductorio de psicología de la comunidad El psicólogo comunitario: roles, características y formación  aPSICOLOGÍA SOCIAL